000 00946nam a2200253Ia 4500
003 OSt
005 20220923220508.0
006 a|||||r|||| 00| 0
007 ta
008 220922b |||||||| |||| 00| 0 hin d
024 _a186,985
037 _cTextual
040 _aARTS
_cARTS
_bhin
041 _2hin
_ahin
082 _aX72, 152K2
100 _aब्रजकिशोर सिंह
_9156263
245 0 _aराजस्व
_b राष्ट्रीय आय रोजगार और आर्थिक प्रणालियां
246 _aRājasva: rāṣhṭrīya āya rojagār aur ārthik praṇāliyāan
260 _aवाराणसी
_b विश्वविद्यालय प्रकाशन
_c1962
300 _a375पृ.
_ccm.
650 _aअर्थशास्त्र
942 _hX72, 152K2
_cTEXL
_2CC
999 _c340228
_d340228